Normal view
MARC view
Entry Personal Name
001 - CONTROL NUMBER
- control field: 1238066
003 - CONTROL NUMBER IDENTIFIER
- control field: OSt
005 - DATE AND TIME OF LATEST TRANSACTION
- control field: 20260430150633.0
008 - FIXED-LENGTH DATA ELEMENTS
- fixed length control field: 260430|| aca||aabn | a|a d
040 ## - CATALOGING SOURCE
- Original cataloging agency: OSt
- Transcribing agency: OSt
100 ## - HEADING--PERSONAL NAME
- Personal name: Yadav Joni Au.; Bharti Alok Chandra Gu
670 ## - SOURCE DATA FOUND
- Source citation: Work cat.: (OSt)1850268: Yadav Joni Au.; Bharti Alok Chandra Gu., Investigation of the Role of Head and Neck Cancer Exosomes in Tumor Microenvironment, 2024
